Guess the Taylor Swift Song (Debut) 4 - Statistics

General Stats
  • This quiz has been taken 6 times
  • The average score is 217 of 288
Answer Stats
Answer % Correct
a
100%
and
100%
And
100%
be
100%
can
100%
can't
100%
do
100%
don't
100%
he
100%
He
100%
I
100%
love,
100%
love
100%
me,
100%
me
100%
my
100%
That
100%
that
100%
the
100%
The
100%
thing
100%
we
100%
when
100%
with
100%
about
80%
all
80%
as
80%
at
80%
bet
80%
could
80%
even
80%
fake
80%
for
80%
got
80%
have
80%
he's
80%
He's
80%
if
80%
I'll
80%
in
80%
it
80%
just
80%
keep
80%
know
80%
Look
80%
looks
80%
night
80%
of
80%
on
80%
only
80%
reason
80%
right
80%
says
80%
see
80%
she's
80%
should
80%
singing,
80%
so
80%
So
80%
song
80%
to
80%
why
80%
wish
80%
wonder
80%
won't
80%
by
60%
cause
60%
Cause
60%
down
60%
Drew
60%
everything
60%
funny
60%
get
60%
girl
60%
guitar
60%
his
60%
I'm
60%
it's
60%
knows
60%
laugh
60%
maybe
60%
never
60%
one
60%
out
60%
put
60%
smile
60%
some
60%
star
60%
talks
60%
teardrops
60%
tell
60%
there
60%
think
60%
wishing
60%
without
60%
anyone
40%
beautiful,
40%
beautiful
40%
better
40%
breathe?
40%
But
40%
but
40%
car
40%
drive
40%
eyes
40%
fall
40%
flawless
40%
give
40%
goes,
40%
heart
40%
her
40%
him
40%
hold
40%
home
40%
keeps
40%
kind
40%
light
40%
live
40%
need
40%
perfectly
40%
picture
40%
sleep
40%
there's
40%
those
40%
time
40%
tonight
40%
turn
40%
up,
40%
walks
40%
want
40%
alone,
20%
break
20%
enough
20%
finally
20%
into
20%
lucky
20%
needing
20%
She'd
20%
taken
20%
tight,
20%
who's
20%
No matching quizzes found
Score Distribution
Percent of People with Each Score
Percentile by Number Answered
Your Score History
You have not taken this quiz